2024 NBA All Star Teams - Statistics

General Stats
  • This quiz has been taken 130 times
    76 since last reset
  • The average score is 21 of 26
Answer Stats
Hint Answer % Correct
F Lebron James
97%
C Nikola Jokic
95%
G Stephen Curry
95%
F Giannis Antetokounmpo
92%
F Jayson Tatum
92%
C (Injured) Joel Embiid
90%
F Kawhi Leonard
89%
G Luka Doncic
89%
F Jaylen Brown
87%
G Tyrese Haliburton
87%
G Damian Lillard
85%
F Kevin Durant
85%
G Shai Gilgeous-Alexander
85%
C Anthony Davis
84%
G Anthony Edwards
82%
F Paul George
82%
C Karl Anthony Towns
80%
G Jalen Brunson
79%
G Tyrese Maxey
79%
G Devin Booker
77%
Injury Subsitution Trae Young
77%
F Paolo Banchero
74%
G Donovan Mitchell
70%
Injury Subsitution Scottie Barnes
69%
C Bam Adebayo
66%
F (Injured) Julius Randle
64%
No matching quizzes found
Score Distribution
Percent of People with Each Score
Percentile by Number Answered
Your Score History
You have not taken this quiz since the last reset